| 000 | 00652nam a2200241Ia 4500 | ||
|---|---|---|---|
| 003 | OSt | ||
| 005 | 20221005122328.0 | ||
| 006 | a|||||r|||| 00| 0 | ||
| 007 | ta | ||
| 008 | 221004b |||||||| |||| 00| 0 eng d | ||
| 024 | _a69901 | ||
| 037 | _cTextual | ||
| 040 |
_aCRL _cCRL _beng |
||
| 041 |
_2eng _aeng |
||
| 082 | _aY1:5s247:N61, K11 | ||
| 110 | _aCensus of India 1961 | ||
| 245 | 0 |
_aJammu and Kashmir _b Village suvey monograph of Parole (Nagri) ed by J. N. Zutshi |
|
| 260 | _c1961 | ||
| 650 | _aSOCIOLOGY | ||
| 700 | _aCensus of India 1961 | ||
| 942 |
_hY1:5s247:N61, K11 _cTEXL _2cc |
||
| 999 |
_c1043952 _d1043952 |
||